000 00812cam a22002771 4500
001 he 67002045
003 DLC
005 20260227111451.0
008 831214s1963 nyu 000 0 heb
010 _ahe 67002045
035 _a(OCoLC)19140039
040 _aDLC
_cMH
_dDLC
042 _apremarc
050 0 0 _aBM520.88
_b.A85 1963
100 1 _aAuerbach, Meir ben Isaac,
_d1815-1878.
245 1 0 _aImre binah.
260 _aNew York :
_bGrossman,
_c[1963 or 1964]
300 _a2 v. ;
_c34 cm.
500 _aVol. 1 without date.
500 _aPhoto-offset of Jerusalem, 1871-1876 ed.
600 1 0 _aKaro, Joseph ben Ephraim,
_d1488-1575.
_tShulḥan ʻarukh.
650 0 _aJewish law.
650 0 _aResponsa
_y1800-1948.
752 _aIsrael
_dJerusalem
752 _aUnited States
_bNew York
_dNew York
999 _c32715
_d32715